000 00407nam a2200169Ia 4500
003 LK-CoDNM
008 010623t1979 xxu||||| |||| 00| 1 eng d
040 _aLK-CoDNM
_dLK-CoDNM
_eLK-CoDNM
041 _aeng
080 _a973 MOO
100 _aMoorhouse, Geoffrey
245 _aSan Francisco
260 _bTime life books
_aAmsterdam
_c1979
300 _b200, 31 cm
650 _aBiography
942 _cBK
999 _c110839
_d110839